00738cam a2200181 4500001001100000008004100011035001500052050002000067100002000087245006800107260003000175300001900205500001700224505017500241650004200416650004700458650005100505BIIH000795 1979 spa  aBIIH000795 4aHD711bT73 19791 aTrapeznikov, S. 3aEl Leninismo y el problema agrario campesino /cS. Trapeznikov. aMexico :bProgreso,c1979 a2 V. ;c22 cm. a2 ejemplares aContenido: v.1. Los programas agrarios Leninistas en las tres Revoluciones Rusas -- v.2. La experiencia historica del Pcus en la realizacion del Plan Cooperativo de Lenin 4aAgricultura y estadoxUnion Sovietica 4aReforma agrariaxUnion SovieticaxHistoria 4aUnion SovieticaxCondiciones ruralesxHistoria